000 01682ctm a22003251a 4500
003 SA-RiAUC
005 20240926133233.0
008 240924s1985 su g b f000r0 ara c
040 _aSA-MaUQU
_bara
_cSA-RiAUC
082 0 _a233
_bد ط ت
082 0 4 _a237.6
_qSA-RiAUC
090 _a237.6
_bد ر د
100 1 _aالدرديري، الطاهر محمد
245 1 0 _aتخريج الأحاديث النبوية الواردة في مدونة الإمام مالك بن أنس/
_cالطاهر محمد الدرديري.
250 _aط. 1.
260 _aمكة المكرمة :
_bجامعة أم القرى، كلية الشريعة والدراسات الإسلامية، مركز البحث العلمي وإحياء التراث الإسلامي،
_c[1985]
264 _aمكة المكرمة :
_bجامعة أم القرى، كلية الشريعة والدراسات الإسلامية، مركز البحث العلمي وإحياء التراث الإسلامي،
_c1985
300 _a3 مج. ؛
_c24 سم.
490 0 _aمن التراث الإسلامي ؛
_v52
502 _aالأصل أطروحة دكتوراه-جامعة أم القرى، 1403هـ.
504 _aببليوجرافية : ص. 1299-1361.
650 7 _aالحديث
_xمستخرجات
_2aucsh
650 7 _aالحديث
_xرواية
_2aucsh
650 7 _aالحديث
_xمسند ابن مالك
_2aucsh
650 7 _aالحديث
_xكتب أئمة الفقه الأربعة
_2aucsh
700 1 _aالإمام مالك، مالك بن أنس بن مالك،
_d93-179 هجري
740 2 2 _aالمدونة الكبرى.
942 _2ddc
_cBOOK
_n0
949 _aSA-JeALM
_d240924
_umohamedma123
_n1
999 _c565
_d565